Statistics for TRUMP-less US States

Click here to take the quiz!

General Stats

  • This quiz has been taken 20 times
  • The average score is 6 of 10

Answer Stats

Answer% Correct
Hawaii
86%
Alaska
79%
Kansas
79%
Ohio
79%
Idaho
64%
Iowa
64%
Illinois
50%
Indiana
50%
Nevada
50%
Wisconsin
36%

Score Distribution

Percentile by Number Answered

Percent of People with Each Score

Your Score History

You have not taken this quiz